WINFIELD & JOLOWICZ ON TORT (Record no. 34436)

MARC details
000 -LEADER
fixed length control field 00314nam a22001457a 4500
003 - CONTROL NUMBER IDENTIFIER
control field SGT
020 ## - INTERNATIONAL STANDARD BOOK NUMBER
International Standard Book Number 9789393702746
082 ## - DEWEY DECIMAL CLASSIFICATION NUMBER
Classification number 346.03
Item number GOU
100 ## - MAIN ENTRY--PERSONAL NAME
Personal name GOUDKAMP JAMES
245 ## - TITLE STATEMENT
Title WINFIELD & JOLOWICZ ON TORT
250 ## - EDITION STATEMENT
Edition statement 20
260 ## - PUBLICATION, DISTRIBUTION, ETC. (IMPRINT)
Place of publication, distribution, etc LONDON
Name of publisher, distributor, etc SWEET & MAXWELL
Year of Publication 2022
300 ## - PAGE DESCRIPTION
No. of Pages 804
942 ## - ADDED ENTRY ELEMENTS (KOHA)
Source of classification or shelving scheme Dewey Decimal Classification
Koha item type Books
Holdings
Withdrawn status Lost status Source of classification or shelving scheme Damaged status Not for loan Collection code Home library Current library Shelving location Date acquired Vendor Name Cost, normal purchase price SGTU Bill Number Total Checkouts Full call number Accession No. (Barcode) Date last seen Bill Date Koha item type
    Dewey Decimal Classification   Not For Loan LAW SGT Science & Social Sciences Library SGT Science & Social Sciences Library Reference Book 25/03/2026 ZAFFA BOOKS 1425.00 SGTU ZBD0512   346.03 GOU FL4208 25/03/2026 23/03/2026 Books